| 000 | 00457cam a2200169ua 4500 | ||
|---|---|---|---|
| 020 | _c1.75 | ||
| 041 |
_amal _h |
||
| 082 |
_a928.94812 _bERU/KE |
||
| 100 | _aParameswaran Pillai, Erumely. | ||
| 245 |
_aKeralathile ezhuthukar / _cErumeli Parameswaran pillai. _hTextual Documents |
||
| 260 |
_aThuravoor : _bSree Narasimha Vilasam Book Depot , _c1962. |
||
| 300 | _a148 ; . | ||
| 365 | _a1.75 | ||
| 504 | _a | ||
| 942 | _cBK | ||
| 999 |
_c11729 _d11729 |
||